| 000 | 01913nam a2200409 c 4500 | ||
|---|---|---|---|
| 003 | BLK | ||
| 005 | 20180422103155.0 | ||
| 008 | 180408b bul|||||r ||||||| ||bul|| | ||
| 010 | _aKNG00075230000 | ||
| 020 |
_a978-954-535-454-0 _bиздат.: Нов бълг. унив. |
||
| 040 | _aBLK | ||
| 041 |
_aBUL _cBUL |
||
| 080 |
_aНации, раси - социология. Некръвнородствени категориални групи _b316.356.4 _x _z316.356.4 |
||
| 080 |
_aИстория на България _b94(497.2) _x:930.1 _z94(497.2):930.1 |
||
| 080 |
_aБългарски език _b811.163.2 _x-02 _z811.163.2-02 |
||
| 100 | 1 |
_aЦветков, Пламен Симеонов _eпърви автор _9365784 |
|
| 139 |
_aЦветков, Пламен Симеонов _bЦ 34 |
||
| 245 | 1 | 0 |
_aНародностно потекло и национално самосъзнание _cПламен Симеонов Цветков. |
| 257 | _aBGR | ||
| 260 |
_аСофия _bНов бълг. унив. _c2007 |
||
| 300 |
_a552 с. _c24 см |
||
| 380 | _a3 | ||
| 500 | _aБиблиогр. с. 533-540 ; Рез. на англ. ез. ; Показалец на думите от възможно древнобългарско "прабългарско" потекло, анализирани в текста ; Именен показалец | ||
| 504 | _a533-540 | ||
| 650 | 4 |
_aНация - философско-исторически аспекти _9258955 |
|
| 650 | 4 |
_aНационален въпрос и национална политика _9280019 |
|
| 650 | 4 |
_aБългари - произход _9264498 |
|
| 653 | _aетноси | ||
| 653 | _aнации | ||
| 653 | _aнационална самоличност | ||
| 653 | _aбългари | ||
| 852 | _aЦб 234032 | ||
| 856 | 4 |
_qpdf _u |
|
| 856 | 4 |
_qpdf _u |
|
| 942 |
_cKNG _n0 |
||
| 944 |
_aCR _c21.05.2007 _kГеновева_Генчева |
||
| 944 |
_aED _c28.11.2007 _k |
||
| 999 |
_c70867 _d70867 |
||